000 01808nam0a2200337 4500
001 rc\1845116
005 20260607065246.0
035 _a(NLR Aleph) 010162633
090 _a10104047
_c10104047
100 _a20080221d1908 |||y0rusy50 ca
101 0 _arus
102 _aRU
105 _aac z |||a|
135 _acrmn mmmaaada
200 1 _aСмелая жизнь
_eподвиги загадочного героя
_eисторическая повесть Л.А. Чарской
_fс 12 ориг. ил. Е.П. Самокиш-Судковской, 4 снимками со старин. портр. и одним видом
210 _aС.П.Бург
_aМосква
_cиздание Товарищества М.О. Вольф
_d[1908]
_eСанкт-Петербург
215 _a[4], 306, [1] с., 1 л. фронт. (ил.), [10] л. ил.
_cил., портр.
_d25
320 _aДр. книги авт. на авантит.
325 _aКопия доступна в Электрон. б-ке РНБ http://vivaldi.nlr.ru/bv000030652/view
700 1 _8rus
_7ca
_aЧарская
_bЛ. А.
_f1875-1937
_gЛидия Алексеевна
_3RU\NLR\AUTH\7729845
_912873
702 1 _4440
_7ca
_8rus
_aСамокиш-Судковская
_bЕ. П.
_f1863-1924
_gЕлена Петровна
_937451
_3RU\NLR\AUTH\7754519
702 1 _4570
_7ca
_8rus
_aДурова
_bН. А.
_f1783-1866
_gНадежда Андреевна
_9123276
_3RU\NLR\AUTH\7713589
801 0 _aRU
_bNLR
_gpsbo
801 0 _aRU
_bRuMoRGB
_2psbo
801 1 _aRU
_bProSoft-M
_2rusmarc
801 2 _aRU
_bNLR
_c20110207
_2rusmarc
852 _aNLR
_j38.51.2.31
942 _cBOOK
980 _aNB
981 3 3 _a(33) Художественная литература
_b(33) Отечественная литература